| 000 | 00738nam a2200217 i 4500 | ||
|---|---|---|---|
| 001 | 49093 | ||
| 003 | ES-MaACL | ||
| 005 | 20230906161901.0 | ||
| 007 | t| | ||
| 008 | 030707s1975 sp |||| | spa d | ||
| 100 | 1 |
_aCorrea, Gustavo. _940746 |
|
| 245 | 1 | 3 |
_aLa poesía mítica de Federico García Lorca / _cGustavo Correa. |
| 250 | _a2ª ed. | ||
| 260 |
_aMadrid : _bGredos, _c1975. |
||
| 300 |
_a250 p. ; _c20 cm. |
||
| 490 | 1 |
_aBiblioteca románica hispánica. II. Estudios y ensayos ; _v144 |
|
| 600 | 1 | 4 |
_aGarcía Lorca, Federico, _d1898-1936- _xCrítica e interpretación _954857 |
| 830 | 0 |
_aBiblioteca románica hispánica. II. Estudios y ensayos ; _v144 _9178108 |
|
| 852 |
_aES-MaACL _jE-8457 |
||
| 999 |
_c49093 _d49093 |
||